12 hombres en pugna
Los doce miembros de un jurado deben juzgar a un adolescente acusado de haber matado a su padre. Todos menos uno están convencidos de la culpabilidad del acusado. El que disiente intenta con sus razonamientos introducir en el debate una duda razonable que haga recapacitar a sus compañeros para que c...
Guardado en:
| Autor Principal: | |
|---|---|
| Autor Corporativo: | |
| Otros Autores: | , , , , , , , , , |
| Formato: | |
| Idioma: | Undetermined |
| Publicado: |
Estados Unidos :
United Artists,
1957.
|
| Materias: | |
| Etiquetas: |
Agregar Etiqueta
Sin Etiquetas, Sea el primero en etiquetar este registro!
|
| LEADER | 01503ngm a22003255a 4500 | ||
|---|---|---|---|
| 001 | CEM.cems020469 | ||
| 008 | 230920s1957####xx#---############vlund#d | ||
| 005 | 20230920213417.0 | ||
| 245 | 1 | 0 | |a 12 hombres en pugna |h [videograbación] / |c Sidney Lumet. |
| 260 | |a Estados Unidos : |b United Artists, |c 1957. | ||
| 300 | |a 95'. | ||
| 520 | |a Los doce miembros de un jurado deben juzgar a un adolescente acusado de haber matado a su padre. Todos menos uno están convencidos de la culpabilidad del acusado. El que disiente intenta con sus razonamientos introducir en el debate una duda razonable que haga recapacitar a sus compañeros para que cambien el sentido de su voto. | ||
| 590 | |a Identificación anterior: 179 | ||
| 538 | |a Soporte: DVD -- Formato: AVI Peso: 780mb -- Resolución: 512 x 304 -- 23.98 fps | ||
| 500 | |a Título original: 12 Angry Men Idioma: Inglés Subtítulos: Castellano. | ||
| 100 | 1 | |a Lumet, Sidney. | |
| 700 | 1 | |a Fonda, Henry; Producción. | |
| 700 | 1 | |a Rose, Reginald; Producción. | |
| 700 | 1 | |a Rose, Reginald; Guion. | |
| 700 | 1 | |a Hopkins, Kenyon; Música. | |
| 700 | 1 | |a Kaufman, Boris; Fotografía. | |
| 700 | 1 | |a Fonda, Henry; Reparto. | |
| 700 | 1 | |a Balsam, Martin; Reparto. | |
| 700 | 1 | |a Fiedler, John; Reparto. | |
| 700 | 1 | |a Cobb, Lee J; Reparto. | |
| 700 | 1 | |a Marshall, E. G; Reparto. | |
| 710 | 2 | |a Orion-Nova Productions. | |
| 653 | |a LARGOMETRAJE | ||
| 653 | |a FICCIÓN | ||
| 859 | |a CEMS |b BIB. CEMS - Depto. Recursos Didacticos |h 778.5 |i LUM |k DRD |p 3124.23 |t Ej.1 | ||
